[Event "Skopje op-B"]
[White "Cakonchev, Hristijan"]
[Black "Cvetkovski, Slobodan"]
[Site "Skopje"]
[Round "6"]
[Result "0-1"]
[Date "2024.12.15"]
[WhiteElo "1842"]
[BlackElo "1753"]
[PlyCount "170"]
[EventDate "2024.12.11"]
[EventType "swiss"]
[EventRounds "9"]
[EventCountry "MKD"]
[SourceTitle "CB52_2024"]
[SourceDate "2024.12.25"]
[SourceVersion "1"]
[SourceVersionDate "2024.12.25"]
[SourceQuality "1"]

1. e4 e6 2. d4 d5 3. Nd2 dxe4 4. Nxe4 Bd7 5. Nf3 Bc6 6. Bd3 Nd7 7. 0-0 Ngf6 8. Qe2 Nxe4 9. Bxe4 Bxe4 10. Qxe4 c6 11. c4 Nf6 12. Qh4 Be7 13. Qg3 g6 14. Bh6 Bf8 15. Qf4 Nh5 16. Qe5 Qf6 17. Qe3 Bxh6 18. Qxh6 Qf4 19. Qg5 Qxg5 20. Nxg5 Rd8 21. Rad1 Nf6 22. Rfe1 h6 23. Nf3 Ke7 24. Re3 Rd7 25. Ne5 Rc7 26. b4 b5 27. Ra3 bxc4 28. Ra6 Rhc8 29. Rc1 Nd5 30. Rxc4 Nb6 31. Rc3 g5 32. Rca3 f6 33. Ng4 Nd5 34. R3a4 Nc3 35. R4a5 Ne2+ 36. Kf1 Nxd4 37. Rxa7 h5 38. Ne3 Nb5 39. R7a6 Rd8 40. a4 Nd4 41. Rc5 Rb8 42. b5 Kd6 43. Rc4 e5 44. b6 Rcb7 45. a5 c5 46. Rc1 Kc6 47. Rb1 f5 48. Ke1 f4 49. Nc4 Nc2+ 50. Kd2 Nb4 51. Nxe5+ Kd5 52. Rxb4 cxb4 53. Nd3 Kc4 54. Kc2 b3+ 55. Kd2 Kb5 56. Kc3 Kxa6 57. Kb4 Rc8 58. Ka4 Rxb6 59. axb6 Kxb6 60. Kxb3 Rc7 61. Kb4 Kc6 62. Kc4 Kd6+ 63. Kd4 Ke6 64. h4 Kf5 65. hxg5 Rd7+ 66. Kc3 Kxg5 67. Kd2 Kf5 68. Ke2 Ra7 69. Nb4 Ra4 70. Nd5 Ra2+ 71. Kf1 Ke5 72. Nc3 Rc2 73. Ne2 Rb2 74. f3 h4 75. Ke1 Kf5 76. Nd4+ Kf6 77. Ne2 Kg5 78. Kf1 h3 79. gxh3 Rxe2 80. Kxe2 Kh4 81. Kf2 Kxh3 82. Kf1 Kg3 83. Kg1 Kxf3 84. Kf1 Ke3 85. Ke1 f3 0-1

[Event "Skopje op-B"]
[White "Turkmen, Yusuf Cagan"]
[Black "Cakonchev, Hristijan"]
[Site "Skopje"]
[Round "5"]
[Result "1-0"]
[Date "2024.12.14"]
[WhiteElo "1958"]
[BlackElo "1842"]
[PlyCount "69"]
[EventDate "2024.12.11"]
[EventType "swiss"]
[EventRounds "9"]
[EventCountry "MKD"]
[SourceTitle "CB52_2024"]
[SourceDate "2024.12.25"]
[SourceVersion "1"]
[SourceVersionDate "2024.12.25"]
[SourceQuality "1"]

1. e4 c5 2. Nf3 d6 3. c3 Nf6 4. Be2 g6 5. 0-0 Bg7 6. Bb5+ Bd7 7. Bxd7+ Qxd7 8. Re1 Nc6 9. d4 cxd4 10. cxd4 0-0 11. Nc3 Rac8 12. Bf4 Qg4 13. Qd2 Nh5 14. Be3 Rfd8 15. Rac1 Nf6 16. h3 Qh5 17. d5 Na5 18. b3 b6 19. Nd4 Qe5 20. Bf4 Qh5 21. Ncb5 Rxc1 22. Qxc1 a6 23. Qc7 Ra8 24. Nc3 Nd7 25. Be3 f5 26. Ne6 Bxc3 27. Qxc3 Nf6 28. Bxb6 Nb7 29. Qc7 Re8 30. Qxb7 fxe4 31. Nc7 Rf8 32. Bd4 Qh4 33. Ne6 e3 34. Bxe3 Re8 35. Bg5 1-0

[Event "FRM-ch op"]
[White "Seydi, Jusuf"]
[Black "Cakonchev, Hristijan"]
[Site "Skopje"]
[Round "5"]
[Result "0-1"]
[Date "2024.05.14"]
[WhiteElo "1681"]
[BlackElo "1847"]
[PlyCount "108"]
[EventDate "2024.05.11"]
[EventType "swiss"]
[EventRounds "9"]
[EventCountry "MKD"]
[SourceTitle "CBM 220 Extra"]
[Source "ChessBase"]
[SourceDate "2024.07.31"]
[SourceVersion "1"]
[SourceVersionDate "2024.07.31"]
[SourceQuality "1"]

1. g3 d5 2. Bg2 Nf6 3. c3 e5 4. d3 Bc5 5. Nd2 0-0 6. Ngf3 e4 7. dxe4 dxe4 8. Ng1 Bxf2+ 9. Kxf2 Ng4+ 10. Ke1 Qf6 11. Nxe4 Qe7 12. h3 Rd8 13. Qc2 Ne5 14. Bf4 Ng6 15. Bd2 h6 16. Kf1 f5 17. Nf2 Qd6 18. Bf4 Nxf4 19. gxf4 Qxf4 20. Rd1 Re8 21. Qd2 Qg3 22. h4 Nc6 23. Rh3 Qg6 24. h5 Qf6 25. Bxc6 bxc6 26. Qd4 Qf7 27. b3 f4 28. Rf3 Qxh5 29. Qxf4 Be6 30. Qxc7 Bd5 31. Rg3 g5 32. c4 Rac8 33. Qxa7 Qh2 34. Rg4 Be6 35. Rg2 Qf4 36. Qd4 Qf7 37. Nf3 Bf5 38. Re1 Rcd8 39. Qc5 Qf6 40. e4 Bxe4 41. Rxe4 Rxe4 42. Rg3 Rf4 43. Kg2 Rf8 44. Qe3 Qf5 45. a4 Kh8 46. c5 g4 47. Nxg4 Rxg4 48. Qe5+ Qxe5 49. Nxe5 Rxg3+ 50. Kxg3 Rf5 51. Nxc6 Rxc5 52. Nd4 Rd5 53. Nc6 Rd3+ 54. Kh4 Rxb3 0-1

[Event "FRM-ch op"]
[White "Cakonchev, Hristijan"]
[Black "Nikolovski, Nikola"]
[Site "Skopje"]
[Round "2"]
[Result "0-1"]
[Date "2024.05.12"]
[WhiteElo "1847"]
[BlackElo "2381"]
[PlyCount "58"]
[EventDate "2024.05.11"]
[EventType "swiss"]
[EventRounds "9"]
[EventCountry "MKD"]
[SourceTitle "CBM 220 Extra"]
[Source "ChessBase"]
[SourceDate "2024.07.31"]
[SourceVersion "1"]
[SourceVersionDate "2024.07.31"]
[SourceQuality "1"]

1. e4 e6 2. d4 d5 3. Nd2 Nf6 4. e5 Nfd7 5. Bd3 c5 6. c3 Nc6 7. Ngf3 g5 8. h3 h5 9. dxc5 Nxc5 10. Bc2 Rg8 11. g4 hxg4 12. hxg4 Qc7 13. Qe2 b6 14. b4 Nd7 15. Ba4 a5 16. a3 Bg7 17. c4 Ncxe5 18. Nd4 dxc4 19. Nb5 Qc6 20. Ne4 Kf8 21. Nbc3 Qc7 22. Kf1 Nd3 23. Bd2 Bb7 24. Rh7 axb4 25. axb4 b5 26. Nxb5 Qe5 27. Bc3 Qxe4 28. Qxe4 Bxe4 29. Nd6 Bxh7 0-1

[Event "Skopje op-B"]
[White "Cakonchev, Hristijan"]
[Black "Stojmanovski, Toni"]
[Site "Skopje"]
[Round "8"]
[Result "1-0"]
[Date "2023.12.11"]
[WhiteElo "1694"]
[BlackElo "1898"]
[PlyCount "65"]
[EventDate "2023.12.06"]
[EventType "swiss"]
[EventRounds "9"]
[EventCountry "MKD"]
[SourceTitle "CBM 217 Extra"]
[Source "ChessBase"]
[SourceDate "2024.01.31"]
[SourceVersion "1"]
[SourceVersionDate "2024.01.31"]
[SourceQuality "1"]

1. e4 e5 2. Nf3 Nc6 3. d4 exd4 4. Nxd4 Nxd4 5. Qxd4 d6 6. Bc4 Nf6 7. 0-0 Be7 8. Nc3 0-0 9. Be3 a6 10. a4 Re8 11. Rad1 Be6 12. Nd5 Bxd5 13. exd5 Qd7 14. Be2 Qf5 15. Bf3 Bf8 16. Rfe1 Re7 17. c4 b6 18. a5 b5 19. c5 Ne4 20. cxd6 Nxd6 21. Rc1 g6 22. Rc6 Bg7 23. Qc5 Bxb2 24. Rxc7 Rxc7 25. Qxc7 Be5 26. Qc6 Qc8 27. Bc5 Nc4 28. d6 Qxc6 29. Bxc6 Rd8 30. d7 Nxa5 31. Bb6 Nxc6 32. Bxd8 f6 33. Bb6 1-0

[Event "Skopje op-B"]
[White "Cakonchev, Hristijan"]
[Black "Djukanovic, Mitar"]
[Site "Skopje"]
[Round "4"]
[Result "1-0"]
[Date "2023.12.08"]
[WhiteElo "1694"]
[BlackElo "1872"]
[PlyCount "119"]
[EventDate "2023.12.06"]
[EventType "swiss"]
[EventRounds "9"]
[EventCountry "MKD"]
[SourceTitle "CBM 217 Extra"]
[Source "ChessBase"]
[SourceDate "2024.01.31"]
[SourceVersion "1"]
[SourceVersionDate "2024.01.31"]
[SourceQuality "1"]

1. e4 g6 2. d4 Bg7 3. f4 d5 4. e5 c6 5. Nf3 Bg4 6. h3 Bxf3 7. Qxf3 e6 8. Bd3 h5 9. 0-0 Nh6 10. b3 Nf5 11. Bxf5 gxf5 12. Nc3 Nd7 13. Be3 Qe7 14. Ne2 h4 15. c4 Nb6 16. c5 Nd7 17. Rfc1 Nf8 18. b4 Ng6 19. b5 0-0 20. a4 Qc7 21. Bd2 Rfb8 22. Nc3 Bh6 23. Na2 Ne7 24. Qh5 Kg7 25. Qxh4 Ng6 26. Qf2 Rg8 27. Nb4 Kh7 28. Rcb1 cxb5 29. axb5 Qe7 30. Rb3 Rg7 31. b6 a6 32. c6 bxc6 33. Nxc6 Qd7 34. b7 Qxc6 35. bxa8Q Qxa8 36. Rb6 Qc8 37. Rbxa6 Qc2 38. R6a2 Qe4 39. Re1 Qd3 40. Bc1 Qc3 41. Ra3 Qb4 42. Rg3 Rg8 43. h4 Rc8 44. h5 Ne7 45. Ba3 Qb7 46. Rc1 Rxc1+ 47. Bxc1 Nc6 48. Rc3 Na5 49. g4 fxg4 50. f5 Bxc1 51. Rxc1 Qb6 52. Rf1 Kg7 53. fxe6 Qxe6 54. Qf6+ Qxf6 55. Rxf6 Nb3 56. h6+ Kh7 57. Rxf7+ Kxh6 58. e6 Kg6 59. Rf4 Kg5 60. Rf8 1-0

[Event "FRM-ch"]
[White "Cakonchev, Hristijan"]
[Black "Jancev, Valentin"]
[Site "Ohrid"]
[Round "7"]
[Result "0-1"]
[Date "2017.08.19"]
[WhiteElo "1636"]
[BlackElo "1814"]
[PlyCount "46"]
[EventDate "2017.08.13"]
[EventType "swiss"]
[EventRounds "9"]
[EventCountry "MKD"]
[SourceTitle "CBM 180 Extra"]
[Source "ChessBase"]
[SourceDate "2017.10.06"]
[SourceVersion "1"]
[SourceVersionDate "2017.10.06"]
[SourceQuality "1"]

1. e4 e6 2. d4 d5 3. Nd2 dxe4 4. Nxe4 Bd7 5. Bd3 Bc6 6. Nf3 Nd7 7. Bg5 Be7 8. Qd2 h6 9. Bf4 Ngf6 10. Qe2 Bxe4 11. Bxe4 Nxe4 12. Qxe4 c6 13. Ne5 Nxe5 14. Qxe5 Bf6 15. Qe3 Qxd4 16. c3 Qxe3+ 17. Bxe3 b6 18. 0-0-0 Rd8 19. Rxd8+ Kxd8 20. Rd1+ Kc7 21. Kc2 Rd8 22. Bf4+ e5 23. Re1 exf4 0-1